Клиповое сознание

Бібліографічні деталі
Автор: Гиренок Ф. И. Федор Иванович
Резюме:В книге впервые в научной и философской литературе разрабатывается концепт клипового сознания и показывается его связь с виртуальной реальностью. Клиповое сознание рассматривается автором не как знание, а как эффективное действие. Для него существует не мир, а образ мира, для него мыслить - это значит быстро мыслить. Здесь важна не логика, а реальность, В книге показано, как работает клиповое сознание в философии, в науке, в искусстве, в образовании и политике. Книга предназначена для тех, кто интересуется новейшими тенденциями в развитии современной философии.
Мова:Російська
Опубліковано: Москва, Проспект, 2021
Предмети:
Формат: MixedMaterials Книга
KOHA link:https://koha.lib.tpu.ru/cgi-bin/koha/opac-detail.pl?biblionumber=344387

MARC

LEADER 00000nam0a2200000 4500
001 344387
005 20231102005646.0
010 |a 9785392267040 
035 |a (RuTPU)RU\TPU\book\375872 
090 |a 344387 
100 |a 20200221d2021 km y0rusy50 ca 
101 0 |a rus 
102 |a RU 
105 |a y z 001zy 
200 1 |a Клиповое сознание  |f Ф. И. Гиренок 
210 |a Москва  |d 2021  |c Проспект 
215 |a 254 с. 
330 |a В книге впервые в научной и философской литературе разрабатывается концепт клипового сознания и показывается его связь с виртуальной реальностью. Клиповое сознание рассматривается автором не как знание, а как эффективное действие. Для него существует не мир, а образ мира, для него мыслить - это значит быстро мыслить. Здесь важна не логика, а реальность, В книге показано, как работает клиповое сознание в философии, в науке, в искусстве, в образовании и политике. Книга предназначена для тех, кто интересуется новейшими тенденциями в развитии современной философии. 
606 1 |a Клиповое сознание  |2 stltpush  |3 (RuTPU)RU\TPU\subj\80481  |9 88142 
610 1 |a философия 
610 1 |a клиповое мышление 
610 1 |a познание 
610 1 |a клипы 
610 1 |a наука 
610 1 |a искусство 
610 1 |a политика 
610 1 |a образование 
610 1 |a неклиповое сознание 
610 1 |a человек 
610 1 |a Интернет 
610 1 |a виртуальная реальность 
610 1 |a человек 
686 |a Ю223.233  |v LBC/SL-A  |2 rubbk 
700 1 |a Гиренок  |b Ф. И.  |g Федор Иванович 
801 1 |a RU  |b 63413507  |c 20200221 
801 2 |a RU  |b 63413507  |c 20211216  |g RCR 
942 |c BK 
959 |a 5/20200221  |d 1  |e 350,00  |f ЧЗГЛ:1